The impact of science on society

Spremljeno u:
Bibliografski detalji
Glavni autor: Russell, Bertrand
Format: Knjiga
Jezik:Undetermined
Izdano: London Unwin Paperbacks 1952
Teme:
Oznake: Dodaj oznaku
Bez oznaka, Budi prvi tko označuje ovaj zapis!
Thư viện lưu trữ: Trung tâm Học liệu Trường Đại học Cần Thơ
LEADER 00454nam a2200169Ia 4500
001 CTU_79005
008 210402s9999 xx 000 0 und d
082 |a 509 
082 |b R958 
100 |a Russell, Bertrand 
245 4 |a The impact of science on society 
245 0 |c Bertrand Russell 
260 |a London 
260 |b Unwin Paperbacks 
260 |c 1952 
650 |a Science and society 
980 |a Trung tâm Học liệu Trường Đại học Cần Thơ